000 00544nam a22001577a 4500
020 _qHard Cover.
082 _a004
100 _aChoudhry, Fareeha
245 _aRule Based Inference Engine to Forecast the prevalence of Congenital Malformations in live births /
_cFareeha Choudhry
260 _aIslamabad :
_bCEME - NUST,
_c2014.
300 _axiii, 78 p. ill. ;
_c30cm.
650 _aSoftware Engineering-MS-Thesis
_916149
700 _aDr. Usman Qamar.
_918579
942 _2ddc
_cTHE
999 _c540391
_d540391